Statistiques concernant Football, Coupes du Monde: Retrouvez les équipes ayant participés aux matchs avec au moins 5 buts d'écart

Cliquez ici pour prendre le quiz!

Statistiques générales

  • Ce quiz a été pris 95 fois
  • Le résultat moyen est 54 sur 69

Statistiques - réponses

Answer % Correct
Brésil
100%
Brésil
100%
RFA
100%
RFA
100%
RFA
100%
RFA
100%
Brésil
100%
RFA
100%
Brésil
100%
Allemagne
99%
Allemagne
99%
Argentine
93%
Argentine
93%
Argentine
93%
Argentine
93%
Argentine
93%
Espagne
92%
Espagne
92%
Italie
92%
Portugal
89%
Uruguay
87%
Uruguay
87%
Uruguay
87%
Uruguay
87%
Russie
83%
Pays-bas
83%
Mexique
83%
Mexique
83%
Etats Unis
81%
Corée du nord
81%
Etats Unis
81%
Corée du sud
79%
Hongrie
79%
Suède
79%
Hongrie
79%
Hongrie
79%
Suède
79%
Corée du sud
79%
Hongrie
79%
Hongrie
79%
Corée du sud
79%
Hongrie
79%
Suisse
77%
Arabie Saoudite
75%
Yougoslavie
73%
Yougoslavie
73%
Colombie
73%
Yougoslavie
73%
Bulgarie
71%
Bulgarie
71%
Pologne
71%
Turquie
70%
Cameroun
70%
URSS
70%
Turquie
70%
Tchécoslovaquie
67%
Tchécoslovaquie
67%
Autriche
65%
Danemark
64%
Pérou
60%
Ecosse
57%
Jamaïque
52%
Zaïre
48%
Bolivie
48%
Cuba
43%
Salvador
38%
Haïti
38%
Indes Néerlandaises
37%
Serbie-et-Monténégro
17%

Distribution des résultats

Percentile by Number Answered

% des personnes avec chaque résultat

Votre développement - résultats

Vous n’avez pas pris ce quiz